| 000 | 00903nam a22002537a 4500 | ||
|---|---|---|---|
| 005 | 20110810113757.0 | ||
| 008 | 110810t xxu||||| |||| 00| 0 eng d | ||
| 010 | _aENG-103464 | ||
| 020 |
_a8185141614 _c160.00 |
||
| 035 | _aEN-86997 | ||
| 037 | _bDBAD/PUB | ||
| 040 |
_aDPL _bEng |
||
| 082 | _a181.41 | ||
| 100 |
_931629 _aSankaranarayanan, S. |
||
| 245 |
_aDisciples of SRI Samkara / _cby S.Sankaranarayanan |
||
| 260 |
_aChennai _bThe Theosophical Publishing House _c2009 |
||
| 270 |
_aP.O.Box 270, Wheaton, lllinois _bChennai _e700069 |
||
| 300 |
_axii,98p. _c22cm (pbk) |
||
| 490 |
_aThe Adyar library pamphlet series no. 64 _934143 |
||
| 650 | _931639 | ||
| 700 | _931640 | ||
| 942 |
_2ddc _cEN _mSAN _h181.41 |
||
| 999 |
_c55543 _d55543 |
||